Chopin

保存先:
書誌詳細
第一著者: Bal y Gay, Jesús (著者)
フォーマット: 図書
言語:スペイン語
出版事項: Ciudad de México Fondo de Cultura 1959
シリーズ:Breviarios, 148
主題:
タグ: タグ追加
タグなし, このレコードへの初めてのタグを付けませんか!

MARC

LEADER 00000cam a2200000 a 4500
001 UCN1259
003 CL-VaPUC
008 010420e19590000MX |||||||||||||||||spa|d
082 0 4 |a 780.92  |b BAL  |2 21 
100 0 |a Bal y Gay, Jesús  |e author  |9 456779 
245 1 0 |a Chopin 
300 |a 277 p 
942 |c BK 
945 |d 20010420 00:00:00  |a crobeson 
260 |a Ciudad de México  |b Fondo de Cultura  |c 1959 
600 0 |a Chopin, Frederic  |9 306591 
650 7 |a COMPOSITORES POLACOS  |2 CL-VaPUC  |9 456780 
650 0 |a Pianistas  |9 306502 
650 7 |a MUSICOS POLACOS  |2 CL-VaPUC  |9 456781 
583 |a last modification  |c 20150714 11:51:27  |k Rodrigo Vera 
490 0 |a Breviarios, 148 
999 |c 294834  |d 294832 
952 |0 0  |1 0  |4 0  |6 780_920000000000000_BAL_1959  |7 0  |8 A  |9 347567  |a BIBEDU  |b BIBEDU  |d 2019-11-20  |i 1249916  |o 780.92 BAL 1959  |p 1249916  |r 2023-01-12  |w 2019-11-20  |y BK  |k MUS 
952 |0 0  |1 0  |4 0  |6 780_920000000000000_BAL_1959  |7 0  |8 A  |9 347569  |a BIBCUR  |b BIBCUR  |d 2019-11-20  |i 3837025  |o 780.92 BAL 1959  |p 3837025  |r 2025-04-22  |w 2019-11-20  |y BK  |k BCB 
952 |0 0  |1 0  |4 0  |6 780_920000000000000_BAL_1959  |7 0  |8 A  |9 347570  |a BIBART  |b BIBART  |d 2019-11-20  |i 4811399  |l 1  |o 780.92 BAL 1959  |p 4811399  |r 2025-03-13  |s 2023-08-08  |w 2019-11-20  |y BK  |k ART